000 00643nam a2200229Ia 4500
005 20241129104307.0
008 241129s9999||||xx |||||||||||||| ||und||
020 _a9780367239596
037 _aTextual
040 _aRTL
_beng
_cRTL
041 _aeng
_2eng
084 _aX9.3.N N3;N9
_qRTL
100 _aMokyr Joel
245 0 _aBritish industrial revolution: An economic perspective
_cMokyr Joel
250 _a2nd
260 _aNew York
_bRoutledge
_c2019
300 _axii,354p.
365 _aINR
_bRs.1915.00
650 _aIndustrial Revolution
_9725656
942 _cTB
_hX9.3.N N3;N9
999 _c1225266
_d1225266